Normal view
MARC view
- المنظمة العربية للتنمية الإدارية / جامعة دلمون للعلوم والتكنولوجيا
Entry Personal Name
001 - CONTROL NUMBER
- control field: 34455
003 - CONTROL NUMBER IDENTIFIER
- control field: JO-AjAnu
005 - DATE AND TIME OF LATEST TRANSACTION
- control field: 20230606075754.0
008 - FIXED-LENGTH DATA ELEMENTS
- fixed length control field: 230606|| aca||aabn | a|a d
040 ## - CATALOGING SOURCE
- Original cataloging agency: JO-AjAnu
- Transcribing agency: JO-AjAnu
100 ## - HEADING--PERSONAL NAME
- Personal name: المنظمة العربية للتنمية الإدارية / جامعة دلمون للعلوم والتكنولوجيا
670 ## - SOURCE DATA FOUND
- Source citation: Work cat.: (JO-AjAnu)17698: المنظمة العربية للتنمية الإدارية / جامعة دلمون للعلوم والتكنولوجيا , author, مخرجات التعليم العالي وسوق العمل في الدول العربية